|
|
|
|
| LEADER |
01309nam a22002657i 4500 |
| 003 |
GR-PaULI |
| 005 |
20170201140535.0 |
| 008 |
031030s2003 it ||||f| |||0| |eng|d |
| 020 |
|
|
|a 8884915902
|
| 040 |
|
|
|b GR-PaULI
|a gre
|c GR-PaULI
|d GR-AiPI
|e AACR2
|
| 041 |
0 |
|
|a eng
|
| 082 |
0 |
4 |
|a 709.031
|2 23
|
| 245 |
0 |
0 |
|a Hunt for Paradise :
|b court arts of Safavid Iran : 1501-1576 /
|c edited by Jon Thompson and Sheila R. Canby.
|
| 260 |
|
|
|a Milano :
|b Skira,
|c 2003.
|
| 300 |
|
|
|a 340 σ. :
|b εικ. ;
|c 31 εκ.
|
| 500 |
|
|
|a Catalog of an exhibition held at the Asia Society Museum, New York, Oct. 16, 2003-Jan. 18, 2004 and in Milan at the Museo Poldi Pezzoli and Palazzo Reale, Feb. 23-June 28, 2004.
|
| 504 |
|
|
|6 Περιλαμβάνει βιβλιογραφικές παραπομπές.
|
| 650 |
|
0 |
|a Τέχνη, Ιρανική
|x Εκθέσεις.
|9 159776
|
| 650 |
|
0 |
|a Καλλιγραφία, Αραβική
|x Εκθέσεις.
|9 159778
|
| 700 |
1 |
|
|a Thompson, Jon
|9 25084
|e επιμελητής
|
| 700 |
|
|
|a Canby, Sheila R.
|9 159780
|e επιμελήτρια
|
| 942 |
|
|
|2 ddc
|c BK15
|
| 952 |
|
|
|0 0
|1 0
|2 ddc
|4 0
|6 709_031000000000000_HUN
|7 0
|9 209447
|a LISA
|b LISA
|c BSC
|d 2017-02-01
|i 11825
|l 0
|o 709.031 HUN
|p 026000279931
|r 2017-02-01 00:00:00
|t 1
|v 2017.00
|y BK15
|
| 998 |
|
|
|c ΛΟΥΚΟΠΟΥΛΟΥ
|d 2017-02
|
| 999 |
|
|
|c 127460
|d 127460
|